Diseño, desarrollo y evaluación del curriculum : condiciones de la escolarización :

Guardado en:
Formato: Libro
Publicado: Buenos Aires : Dirección Nacional de Gestión de Programas y Proyectos, 1996
Materias:
Etiquetas: Agregar Etiqueta
Sin Etiquetas, Sea el primero en etiquetar este registro!
LEADER 00588nam a22001575a 4500
001 CEM.cems009489
005 20080903114256.0
008 130507s1996##################000#0#####d
003 CEMS
082 0 4 |a 370.7 
245 0 0 |a Diseño, desarrollo y evaluación del curriculum :  |b condiciones de la escolarización : 
260 |a Buenos Aires :  |b Dirección Nacional de Gestión de Programas y Proyectos,  |c 1996 
500 |a Materiales de enseñanza destinados a la capacitación docente 
653 |a Curriculum 
653 |a Educación 
859 |a CEMS  |b BIB. CEMS - 11 de abril  |h 370.7  |i Ar37  |p 118.99  |t Ej.1  |v IV  |3 IV